Softver na simuláciu priebehu plnenia a prázdnenia plavebnej komory

Gespeichert in:
Bibliographische Detailangaben
1. Verfasser: Sádovský, Ivan, 1984- (Verfasst von)
Weitere Verfasser: Možiešik, Ľudovít, 1960- (Betreuung Doktorarbeit)
Format: Manuskript Buch
Sprache:Slowakisch
Veröffentlicht: Bratislava : STU v Bratislave SvF, 2013
Schlagworte:
Online-Zugang:VAIS
Tags: Tag hinzufügen
Keine Tags, Fügen Sie das erste Tag hinzu!

MARC

LEADER 00000ntm a22000003a 4500
001 stu271654
005 20150617230230.2
008 130719s2013----xo------------------slo-d
040 |a STU  |b slo 
041 0 |a slo 
044 |a xo 
100 1 |a Sádovský, Ivan,  |d 1984-  |4 aut  |u V  |T SvF Stavebná fakulta  |X 58649  |U V  |Y 10  |7 A000058649 
242 0 0 |a Software for process simulation of filling and emtying of navigation chambers  |y eng 
245 1 |a Softver na simuláciu priebehu plnenia a prázdnenia plavebnej komory 
260 |a Bratislava :  |b STU v Bratislave SvF,  |c 2013 
650 7 |a plavebná komora  |2 stusub 
700 1 |a Možiešik, Ľudovít,  |d 1960-  |4 ths  |u V170  |U SvF Stavebná fakulta  |T SvF Katedra hydrotechniky  |X 783  |U V170  |Y 17  |7 A000000783 
856 4 |a info a plný text  |u http://is.stuba.sk/zp/portal_zp.pl?podrobnosti=93953  |3 VAIS